Statistics for Countries by relatively longest total land borders

Click here to take the quiz!

General Stats

  • This quiz has been taken 43 times
  • The average score is 11 of 20

Answer Stats

B / R Country% Correct
12.9 Chile
79%
15.7 Austria
71%
16.4 Croatia
71%
13.5 Nepal
71%
16.2 Switzerland
66%
12.9 Kazakhstan
63%
15.4 Kyrgyzstan
63%
14.8 Malawi
63%
17.1 Tajikistan
63%
18.5 Laos
61%
16.5 Uzbekistan
61%
16.7 Republic of the Congo
58%
19.6 Bangladesh
55%
12.9 Armenia
50%
14.3 Vietnam
45%
12.9 Czech Republic
42%
13.4 Moldova
42%
14.0 Belgium
39%
14.0 India
39%
16.6 Slovenia
39%

Score Distribution

Percentile by Number Answered

Percent of People with Each Score

Your Score History

You have not taken this quiz